| 000 | 00430 a2200157 4500 | ||
|---|---|---|---|
| 005 | 20260330105849.0 | ||
| 008 | 260206b |||||||| |||| 00| 0 eng d | ||
| 020 | _a9788187480693 | ||
| 080 |
_a89M-2 _bTHO/O |
||
| 100 | _aThomas, C J; tr.by | ||
| 245 | _aOedipus(ഈഡിപ്പസ്) | ||
| 260 |
_bMaluben publishers. _aThiruvananthapuram. _c2021. |
||
| 300 | _a64P. | ||
| 653 | _aDrama-Malayalam Literature | ||
| 942 | _cOO | ||
| 999 |
_c114659 _d114658 |
||